All Songs Covered by Nickelback - Statistics

General Stats
  • This quiz has been taken 14 times
  • The average score is 2 of 6
Answer Stats
Hint Answer % Correct
ZZ Top Legs
63%
Charlie Daniels The Devil Went Down To Georgia
63%
Big Wreck Mistake
25%
Elton John Saturday Night’s Alright (For Fighting)
25%
Don Henley Dirty Laundry
13%
Neil Sedaka Love Will Keep Us Together
13%
No matching quizzes found
Score Distribution
Percent of People with Each Score
Percentile by Number Answered
Your Score History
You have not taken this quiz